| 000 | 01249nam a2200349Ia 4500 | ||
|---|---|---|---|
| 001 | ebr10496757 | ||
| 003 | CaPaEBR | ||
| 006 | m u | ||
| 007 | cr cn||||||||| | ||
| 008 | 110406s2011 stk sb 001 0 eng d | ||
| 020 | _z0748642609 | ||
| 020 | _z0748642617 | ||
| 020 | _z9780748642601 | ||
| 020 | _z9780748642618 | ||
| 020 | _z9780748647514 | ||
| 040 |
_aCaPaEBR _cCaPaEBR |
||
| 035 | _a(OCoLC)755006114 | ||
| 050 | 1 | 4 |
_aHQ23 _b.D45 2011eb |
| 245 | 0 | 0 |
_aDeleuze and sex _h[electronic resource] / _cedited by Frida Beckman. |
| 260 |
_aEdinburgh : _bEdinburgh University Press, _cc2011. |
||
| 300 | _avi, 244 p. | ||
| 490 | 1 | _aDeleuze connections | |
| 504 | _aIncludes bibliographical references and index. | ||
| 533 |
_aElectronic reproduction. _bPalo Alto, Calif. : _cebrary, _d2013. _nAvailable via World Wide Web. _nAccess may be limited to ebrary affiliated libraries. |
||
| 600 | 1 | 0 |
_aDeleuze, Gilles, _d1925-1995. |
| 650 | 0 |
_aSex _xPhilosophy. |
|
| 655 | 7 |
_aElectronic books. _2local |
|
| 700 | 1 | _aBeckman, Frida. | |
| 710 | 2 | _aebrary, Inc. | |
| 830 | 0 | _aDeleuze connections. | |
| 856 | 4 | 0 |
_uhttp://site.ebrary.com/lib/rucke/Doc?id=10496757 _zAn electronic book accessible through the World Wide Web; click to view |
| 999 |
_c128694 _d128694 |
||